Zoología
Saved in:
| Main Author: | |
|---|---|
| Format: | Unknown |
| Language: | Spanish |
| Published: |
Buenos Aires
Angel Estrada y cía
1920?
|
| Edition: | 25a ed. |
| Textbook Catalogue: | MANES: Library Catalog Search Result |
| Textbook Classification: |
|
| Tags: |
Add Tag
No Tags, Be the first to tag this record!
|
| Added to: | 2016-04-26 |
| Changed in: | 2025-05-07 |
MARC
| LEADER | 000000000a22000000004500 | ||
|---|---|---|---|
| 001 | 36577 | ||
| 003 | OSt | ||
| 005 | 20250507125820.0 | ||
| 008 | 160427s ar ||||| |||| 00| 0 spa d | ||
| 041 | |a Español | ||
| 561 | |5 ar-DOCE |a Argentina. Biblioteca del Docente |k MANES | ||
| 691 | 0 | |a SE | |
| 100 | 1 | |a Gallardo, Angel |b Director del museo Nacional de Historia Natural y profesor en la Universidad de Buenos Aires. |9 18775 | |
| 245 | 0 | 0 | |a Zoología |
| 250 | |a 25a ed. | ||
| 260 | 3 | |a Buenos Aires |b Angel Estrada y cía |c 1920? | |
| 300 | |a 473 p. |c 13,5 x 19,5cm | ||
| 500 | |a El libro se encuentra en estado de deterioro, contiene ilustracones en blanco y negro. |a Obra adaptada al curso de zoología y anatomía comparada de la Facultad de Ciencias Médicas (Escuela de farmacia) y a los programas de segunda enseñanza. |a Signatura topográfica: HTA 1920 GALz | ||
| 690 | 0 | |a CN | |
| 942 | |2 ddc |c BK | ||
| 546 | |a Argentina | ||
| 999 | |c 40049 |d 40049 | ||
| 999 | |c manes:40049 |d 40049 | ||